[Event "EUR-ch U14 w"]
[Site "Batumi GEO"]
[Date "2014.10.20"]
[Round "2"]
[White "Urbanc, Ana"]
[Black "Ayazmali, Gizem"]
[Result "1-0"]
[WhiteElo "1554"]
[BlackElo "1745"]
[PlyCount "84"]
[EventDate "2014.10.19"]
[EventType "swiss"]
[EventRounds "9"]
[EventCountry "CAN"]
[Source "Chessbase"]
[SourceDate "2015.02.06"]

1. e4 e5 2. Nf3 Nf6 3. Nc3 Bb4 4. Bc4 Bxc3 5. dxc3 d6 6. h3 Be6 7. Qd3 Nbd7 8.
b4 Qe7 9. O-O Bxc4 10. Qxc4 Nb6 11. Qe2 O-O 12. Re1 Rfe8 13. Be3 Qe6 14. Nd2 d5
15. Bxb6 axb6 16. exd5 Nxd5 17. Qf3 f5 18. Nb1 e4 19. Qe2 Qf6 20. Qc4 c6 21. b5
Kh8 22. Qb3 Qg6 23. c4 Nf4 24. Qg3 Qf6 25. Nd2 Ne6 26. Qb3 Nd4 27. Qb1 c5 28.
Nb3 Ne6 29. a4 Qg5 30. Re3 Nf4 31. Qf1 Ng6 32. Rg3 Qf6 33. Nd2 f4 34. Rb3 Rad8
35. Rd1 e3 36. fxe3 fxe3 37. Qxf6 gxf6 38. Rd3 exd2 39. R1xd2 Rxd3 40. Rxd3 Ne5
41. Rd6 Nxc4 42. Rxf6 Kg7 1-0

[Event "EUR-ch U14 w"]
[Site "Batumi GEO"]
[Date "2014.10.20"]
[Round "2"]
[White "Vrtiakova, Anna"]
[Black "Gharibyan, Mane"]
[Result "1-0"]
[WhiteElo "1966"]
[BlackElo "1617"]
[PlyCount "47"]
[EventDate "2014.10.19"]
[EventType "swiss"]
[EventRounds "9"]
[EventCountry "CAN"]
[Source "Chessbase"]
[SourceDate "2015.02.06"]

1. e4 c5 2. Nf3 d6 3. Bb5+ Bd7 4. Bxd7+ Qxd7 5. O-O Nc6 6. c4 Nf6 7. Nc3 g6 8.
d3 Bg7 9. Bg5 O-O 10. Qd2 a6 11. Bxf6 exf6 12. Nd5 Rab8 13. Rac1 f5 14. Rfe1
Rfe8 15. b3 b5 16. Qf4 Ne5 17. Nxe5 Bxe5 18. Qf3 fxe4 19. Rxe4 f5 20. Rxe5 Kf7
21. Rxe8 Rxe8 22. h3 b4 23. Ne3 Kg7 24. Rd1 1-0

[Event "EUR-ch U14 w"]
[Site "Batumi GEO"]
[Date "2014.10.20"]
[Round "2"]
[White "Vuller, Victoria"]
[Black "Jibuti, Nata"]
[Result "0-1"]
[WhiteElo "1271"]
[BlackElo "1634"]
[PlyCount "42"]
[EventDate "2014.10.19"]
[EventType "swiss"]
[EventRounds "9"]
[EventCountry "CAN"]
[Source "Chessbase"]
[SourceDate "2015.02.06"]

1. e4 c5 2. f4 e6 3. Nf3 Nc6 4. d3 g6 5. Be2 Bg7 6. O-O Nge7 7. c3 O-O 8. Qe1
d5 9. Qh4 b5 10. f5 exf5 11. Ng5 h6 12. Nh3 fxe4 13. Bxh6 Nf5 14. Qxd8 Rxd8 15.
Bxg7 Kxg7 16. Nd2 e3 17. Nf3 d4 18. cxd4 Ncxd4 19. Nxd4 Nxd4 20. Bd1 Bxh3 21.
gxh3 e2 0-1

[Event "EUR-ch U14 w"]
[Site "Batumi GEO"]
[Date "2014.10.21"]
[Round "3"]
[White "Ambrozova, Lucie"]
[Black "Urbanc, Ana"]
[Result "0-1"]
[WhiteElo "1725"]
[BlackElo "1554"]
[PlyCount "88"]
[EventDate "2014.10.19"]
[EventType "swiss"]
[EventRounds "9"]
[EventCountry "CAN"]
[Source "Chessbase"]
[SourceDate "2015.02.06"]

1. e4 c5 2. Nf3 Nc6 3. d4 cxd4 4. Nxd4 Nf6 5. Nc3 e6 6. Nxc6 bxc6 7. e5 Nd5 8.
Ne4 Qc7 9. f4 Qb6 10. Qf3 Ba6 11. Bxa6 Qxa6 12. Qd3 Bb4+ 13. Ke2 Qxd3+ 14. Kxd3
f5 15. Ng3 h5 16. a3 Be7 17. c4 Nc7 18. b4 a5 19. Bd2 axb4 20. axb4 Na6 21.
Rhb1 g6 22. Ra5 Kf7 23. Rba1 Nc7 24. Rxa8 Rxa8 25. Rxa8 Nxa8 26. b5 Nc7 27. Ba5
Bd8 28. b6 Na6 29. Ne2 Nc5+ 30. Kc3 Bxb6 31. Bxb6 Na4+ 32. Kb4 Nxb6 33. Kc5 Nc8
34. h4 Ke7 35. Nc3 Kd8 36. Kb4 d6 37. exd6 Nxd6 38. c5 Nc8 39. Na4 Ne7 40. Nb6
Kc7 41. Kc3 Nd5+ 42. Nxd5+ exd5 43. Kb4 Kb7 44. Kb3 Ka6 0-1

[Event "EUR-ch U14 w"]
[Site "Batumi GEO"]
[Date "2014.10.21"]
[Round "3"]
[White "Avetisyan, Mariam"]
[Black "Bespalova, Jana"]
[Result "1-0"]
[WhiteElo "1787"]
[BlackElo "1505"]
[PlyCount "97"]
[EventDate "2014.10.19"]
[EventType "swiss"]
[EventRounds "9"]
[EventCountry "CAN"]
[Source "Chessbase"]
[SourceDate "2015.02.06"]

1. e4 e5 2. Nf3 Nc6 3. Bc4 Nf6 4. d3 Bc5 5. c3 Bb6 6. O-O O-O 7. b4 a6 8. Bg5
h6 9. Bh4 d6 10. Qb3 Qe7 11. Nbd2 Be6 12. a4 a5 13. b5 Nd8 14. d4 Bxc4 15. Nxc4
exd4 16. Nxb6 cxb6 17. cxd4 Qxe4 18. Bxf6 gxf6 19. Rfe1 Qg4 20. d5 Kh7 21. Qd3+
Qg6 22. Rad1 Rc8 23. Qd4 Rg8 24. g3 Rc5 25. Nh4 Qg5 26. Qe4+ Kh8 27. Nf5 h5 28.
Kg2 Qg4 29. Qxg4 Rxg4 30. Nxd6 Rg8 31. Ne4 Rc4 32. Nxf6 Rg5 33. Re8+ Kg7 34.
Nxh5+ Rxh5 35. Rxd8 Rh8 36. Rxh8 Kxh8 37. d6 Rc8 38. d7 Rd8 39. f4 Kg7 40. h4
Kf6 41. Kf3 Ke7 42. g4 Rh8 43. d8=Q+ Rxd8 44. Rxd8 Kxd8 45. h5 Ke7 46. h6 Kf6
47. f5 Kg5 48. h7 f6 49. Kg3 1-0

[Event "EUR-ch U14 w"]
[Site "Batumi GEO"]
[Date "2014.10.21"]
[Round "3"]
[White "Avramidou, Anastasia"]
[Black "Nazarova, Anastasia"]
[Result "1-0"]
[WhiteElo "2120"]
[BlackElo "1932"]
[PlyCount "101"]
[EventDate "2014.10.19"]
[EventType "swiss"]
[EventRounds "9"]
[EventCountry "CAN"]
[Source "Chessbase"]
[SourceDate "2015.02.06"]

1. e4 c5 2. Nf3 Nc6 3. d4 cxd4 4. Nxd4 g6 5. c4 Nf6 6. Nc3 d6 7. f3 Nxd4 8.
Qxd4 Bg7 9. Be3 O-O 10. Qd2 a5 11. b3 Bd7 12. Be2 a4 13. b4 Be6 14. Rc1 Qd7 15.
Nb5 Rfc8 16. Nd4 Ne8 17. O-O Nc7 18. a3 Kh8 19. f4 f5 20. Bf3 Ne8 21. Nxe6 Qxe6
22. exf5 gxf5 23. Bxb7 Nf6 24. Bd4 Ne4 25. Bxg7+ Kxg7 26. Qd4+ Qf6 27. Qxf6+
Kxf6 28. Rfe1 Rab8 29. Bxe4 fxe4 30. Rxe4 Rb7 31. c5 dxc5 32. bxc5 Rbc7 33.
Rec4 Rc6 34. Kf2 Ke6 35. Re1+ Kf6 36. Re5 e6 37. Ke3 R8c7 38. Ke4 Rc8 39. g4 h6
40. h4 Rd8 41. g5+ hxg5 42. hxg5+ Kg6 43. Rd4 Rxd4+ 44. Kxd4 Kf7 45. Kc4 Rc8
46. Re4 Rc7 47. Kb5 Rb7+ 48. Kc6 Rb1 49. Rxa4 e5 50. fxe5 Ke6 51. Rg4 1-0

[Event "EUR-ch U14 w"]
[Site "Batumi GEO"]
[Date "2014.10.21"]
[Round "3"]
[White "Balajayeva, Khanim"]
[Black "Tsolakidou, Stavroula"]
[Result "1/2-1/2"]
[WhiteElo "1856"]
[BlackElo "2305"]
[PlyCount "81"]
[EventDate "2014.10.19"]
[EventType "swiss"]
[EventRounds "9"]
[EventCountry "CAN"]
[Source "Chessbase"]
[SourceDate "2015.02.06"]

1. e4 c5 2. c3 d5 3. exd5 Qxd5 4. d4 g6 5. Nf3 Bg7 6. Na3 cxd4 7. Nb5 Na6 8.
cxd4 Nf6 9. Nc3 Qd6 10. Bc4 O-O 11. O-O Bg4 12. Be3 Rac8 13. Bb3 Nc7 14. Qe2
Ncd5 15. h3 Bf5 16. Rac1 a6 17. Rfd1 b5 18. Ne5 Be6 19. Bxd5 Bxd5 20. Bf4 Qe6
21. Qe3 Bxa2 22. Nxa2 Qxa2 23. Nc6 Kh8 24. Qxe7 Nd5 25. Qd6 Nxf4 26. Qxf4 Qxb2
27. d5 Qf6 28. Qb4 Qb2 29. Qf4 Qf6 30. Qb4 Bh6 31. Ra1 Rfe8 32. Rxa6 Re2 33.
Qd4 Qxd4 34. Rxd4 Bg7 35. Rb4 Bf8 36. Rxb5 Bd6 37. g3 Rd2 38. Ra7 Kg8 39. Rbb7
Rxd5 40. Ne7+ Bxe7 41. Rxe7 1/2-1/2

[Event "EUR-ch U14 w"]
[Site "Batumi GEO"]
[Date "2014.10.21"]
[Round "3"]
[White "Broly, Mathilde"]
[Black "Gailiunaite, Saule"]
[Result "1/2-1/2"]
[WhiteElo "1824"]
[BlackElo "1653"]
[PlyCount "76"]
[EventDate "2014.10.19"]
[EventType "swiss"]
[EventRounds "9"]
[EventCountry "CAN"]
[Source "Chessbase"]
[SourceDate "2015.02.06"]

1. d4 d5 2. Bg5 Nf6 3. Bxf6 exf6 4. Nf3 Bd6 5. e3 O-O 6. Be2 Be6 7. O-O c6 8.
b3 Nd7 9. c4 b6 10. Nc3 a6 11. a4 f5 12. Qd2 Nf6 13. Ne5 Qc7 14. f4 Ne4 15.
Nxe4 Bxe5 16. cxd5 Bxd5 17. fxe5 fxe4 18. b4 Rfd8 19. Qb2 Qe7 20. Rac1 Rdc8 21.
Bg4 Be6 22. Rf4 c5 23. dxc5 bxc5 24. Bxe6 fxe6 25. Rxe4 cxb4 26. Rxc8+ Rxc8 27.
Rxb4 Qc5 28. Rd4 Qa5 29. Qd2 Qxe5 30. Rd8+ Rxd8 31. Qxd8+ Kf7 32. Qd7+ Kg6 33.
Qd3+ Kh6 34. Qxa6 Qxe3+ 35. Kf1 Qf4+ 36. Kg1 Qd4+ 37. Kf1 Qf4+ 38. Kg1 Qd4+
1/2-1/2

[Event "EUR-ch U14 w"]
[Site "Batumi GEO"]
[Date "2014.10.21"]
[Round "3"]
[White "Feofilova, Elizaveta"]
[Black "Misiuk, Karolina"]
[Result "1-0"]
[WhiteElo "1813"]
[BlackElo "1480"]
[PlyCount "109"]
[EventDate "2014.10.19"]
[EventType "swiss"]
[EventRounds "9"]
[EventCountry "CAN"]
[Source "Chessbase"]
[SourceDate "2015.02.06"]

1. d4 Nf6 2. c4 g6 3. Nc3 d5 4. e3 Bg7 5. Qb3 dxc4 6. Bxc4 O-O 7. Nf3 c5 8. d5
a6 9. a4 Qc7 10. O-O Bg4 11. Ng5 h6 12. Nge4 Nxe4 13. Nxe4 Nd7 14. h3 Bf5 15.
Nc3 Nb6 16. e4 Nxc4 17. Qxc4 Bd7 18. Be3 b6 19. a5 Rfc8 20. axb6 Qxb6 21. Ra3
Qb4 22. Qe2 Bxc3 23. Rxc3 Bb5 24. Qc2 Bxf1 25. Kxf1 Qb5+ 26. Kg1 Rab8 27. b3 h5
28. Bxc5 Qa5 29. b4 Qa1+ 30. Kh2 Kf8 31. Bxe7+ Kxe7 32. Rxc8 Qe5+ 33. g3 Rxc8
34. Qxc8 Qxe4 35. Qc5+ Kd7 36. Qa7+ Ke8 37. Qb8+ Kd7 38. Qb7+ Ke8 39. Qc8+ Ke7
40. Qc5+ Kd7 41. d6 Qb7 42. Qe5 Kd8 43. Qh8+ Kd7 44. Qf6 Ke8 45. Qg7 Qe4 46.
Qg8+ Kd7 47. Qxf7+ Kxd6 48. Qf6+ Qe6 49. Qxe6+ Kxe6 50. g4 h4 51. Kg2 Kd5 52.
Kf3 g5 53. Ke3 Ke5 54. f3 Ke6 55. Ke4 1-0

[Event "EUR-ch U14 w"]
[Site "Batumi GEO"]
[Date "2014.10.21"]
[Round "3"]
[White "Gajcin, Marina"]
[Black "Tsomaia, Ekaterine"]
[Result "1-0"]
[WhiteElo "2017"]
[BlackElo "1500"]
[PlyCount "67"]
[EventDate "2014.10.19"]
[EventType "swiss"]
[EventRounds "9"]
[EventCountry "CAN"]
[Source "Chessbase"]
[SourceDate "2015.02.06"]

1. e4 e5 2. Nf3 Nc6 3. Bc4 Bc5 4. c3 Nf6 5. d3 d6 6. Nbd2 Bg4 7. Bb3 O-O 8. Nf1
h6 9. h3 Be6 10. Ng3 d5 11. Qe2 dxe4 12. dxe4 Bxb3 13. axb3 Bb6 14. O-O Qd7 15.
Be3 Rad8 16. b4 Bxe3 17. Qxe3 a6 18. Rfd1 Qe6 19. Nh4 Qb3 20. Rxd8 Rxd8 21. Qe2
Ne7 22. Rc1 Ng6 23. Nxg6 fxg6 24. Rc2 Ne8 25. Nf1 Nd6 26. Rd2 Ra8 27. Rd5 Re8
28. Rd2 Re7 29. Ng3 Nc4 30. Rd8+ Kh7 31. Qf3 Nd6 32. Qf8 Re8 33. Rxe8 Nxe8 34.
Qxe8 1-0

[Event "EUR-ch U14 w"]
[Site "Batumi GEO"]
[Date "2014.10.21"]
[Round "3"]
[White "Gharibyan, Mane"]
[Black "Gredka, Dominika"]
[Result "1-0"]
[WhiteElo "1617"]
[BlackElo "1419"]
[PlyCount "79"]
[EventDate "2014.10.19"]
[EventType "swiss"]
[EventRounds "9"]
[EventCountry "CAN"]
[Source "Chessbase"]
[SourceDate "2015.02.06"]

1. e4 c5 2. Nf3 e6 3. b3 d6 4. Bb5+ Nd7 5. Bb2 Ngf6 6. Qe2 a6 7. Bxd7+ Bxd7 8.
O-O Be7 9. d3 O-O 10. e5 dxe5 11. Nxe5 Bc8 12. Nd2 Qc7 13. Ng4 Nxg4 14. Qxg4 e5
15. Qg3 f6 16. a4 b6 17. Rfe1 Bb7 18. Nc4 b5 19. Ne3 Rfe8 20. h4 Rad8 21. Ng4
Kh8 22. h5 Rf8 23. axb5 axb5 24. Ne3 Bc8 25. Bc3 b4 26. Bb2 Bb7 27. Nc4 Bd5 28.
Ne3 Be6 29. Ra6 Bc8 30. Ra8 Qb7 31. Rea1 Qc6 32. R8a7 Qd6 33. Nc4 Qe6 34. Qf3
Rd7 35. Ne3 Rxa7 36. Rxa7 Qd6 37. Qg3 Rf7 38. Ra8 Rf8 39. h6 g6 40. Qf3 1-0

[Event "EUR-ch U14 w"]
[Site "Batumi GEO"]
[Date "2014.10.21"]
[Round "3"]
[White "Gorovenko, Darya"]
[Black "Jalaghonia, Nino"]
[Result "1-0"]
[WhiteElo "2033"]
[BlackElo "1887"]
[PlyCount "71"]
[EventDate "2014.10.19"]
[EventType "swiss"]
[EventRounds "9"]
[EventCountry "CAN"]
[Source "Chessbase"]
[SourceDate "2015.02.06"]

1. d4 Nf6 2. Nf3 e6 3. g3 b6 4. Bg2 Bb7 5. O-O c5 6. c4 cxd4 7. Qxd4 Be7 8. Nc3
Nc6 9. Qd3 a6 10. e4 d6 11. Rd1 Qc7 12. Be3 Rc8 13. Rac1 O-O 14. Nd5 exd5 15.
cxd5 Qb8 16. dxc6 Rxc6 17. Rxc6 Bxc6 18. Nd4 Ba8 19. Nf5 Qb7 20. f3 Ne8 21.
Nxe7+ Qxe7 22. Qxa6 Bb7 23. Qxb6 f5 24. e5 Qxe5 25. f4 Qe7 26. Bxb7 Nf6 27.
Qb3+ Kh8 28. Bf3 d5 29. Qa3 Qf7 30. Bd4 Ne4 31. Bxe4 dxe4 32. b4 Rc8 33. Qb3
Qh5 34. Re1 Qg4 35. b5 h5 36. b6 1-0

[Event "EUR-ch U14 w"]
[Site "Batumi GEO"]
[Date "2014.10.21"]
[Round "3"]
[White "Greibrokk, Ingrid"]
[Black "Garcia Martin, Marta"]
[Result "0-1"]
[WhiteElo "1797"]
[BlackElo "2027"]
[PlyCount "44"]
[EventDate "2014.10.19"]
[EventType "swiss"]
[EventRounds "9"]
[EventCountry "CAN"]
[Source "Chessbase"]
[SourceDate "2015.02.06"]

1. e4 e5 2. Nf3 Nc6 3. Bb5 a6 4. Ba4 Nf6 5. d3 d6 6. c4 Be7 7. O-O O-O 8. h3
Nd4 9. Nxd4 exd4 10. f4 c5 11. g4 Nd7 12. Rf2 Rb8 13. g5 f6 14. g6 hxg6 15. Rg2
Qe8 16. f5 gxf5 17. Bh6 Kh7 18. Bd2 Qf7 19. Qe1 Rh8 20. exf5 Ne5 21. Qe4 b5 22.
Bd1 Bb7 0-1

[Event "EUR-ch U14 w"]
[Site "Batumi GEO"]
[Date "2014.10.21"]
[Round "3"]
[White "Guluzada, Narmin Yalchin Q"]
[Black "Stanimirovic, Ivana"]
[Result "1/2-1/2"]
[WhiteElo "1381"]
[BlackElo "1762"]
[PlyCount "72"]
[EventDate "2014.10.19"]
[EventType "swiss"]
[EventRounds "9"]
[EventCountry "CAN"]
[Source "Chessbase"]
[SourceDate "2015.02.06"]

1. e4 c6 2. d4 d5 3. Nc3 dxe4 4. Nxe4 Bf5 5. Ng3 Bg6 6. h4 h6 7. h5 Bh7 8. Bd3
Bxd3 9. Qxd3 e6 10. Nf3 Nf6 11. Bf4 Qa5+ 12. Bd2 Qc7 13. O-O Bd6 14. Ne5 Bxe5
15. dxe5 Qxe5 16. Bc3 Qd5 17. Qxd5 cxd5 18. Rfe1 Kd7 19. Rad1 Re8 20. Re3 Kc8
21. Bxf6 gxf6 22. Rxd5 Rd8 23. Rdd3 a5 24. Ne4 Ra6 25. Nxf6 Nc6 26. Rxd8+ Kxd8
27. Ng4 Rb6 28. Nxh6 Ke8 29. b3 Rb5 30. g4 Kf8 31. f4 Kg7 32. g5 f6 33. Rxe6
fxg5 34. Rg6+ Kh7 35. Rxg5 Rb4 36. Nf5 Rxf4 1/2-1/2

[Event "EUR-ch U14 w"]
[Site "Batumi GEO"]
[Date "2014.10.21"]
[Round "3"]
[White "Hasanzada, Ulkar"]
[Black "Napishvili, Mariam"]
[Result "1-0"]
[WhiteElo "1603"]
[BlackElo "1298"]
[PlyCount "77"]
[EventDate "2014.10.19"]
[EventType "swiss"]
[EventRounds "9"]
[EventCountry "CAN"]
[Source "Chessbase"]
[SourceDate "2015.02.06"]

1. e4 e5 2. Nf3 Nc6 3. d4 exd4 4. Bc4 h6 5. O-O Bc5 6. c3 Nge7 7. cxd4 Bb6 8.
Nc3 O-O 9. a3 d6 10. Be3 Bg4 11. Be2 f5 12. exf5 Nxf5 13. Nd5 Kh8 14. Nxb6 axb6
15. Rc1 Rc8 16. h3 Bxf3 17. Bxf3 Qe8 18. Re1 Nfe7 19. b4 b5 20. Qe2 Nd8 21.
Bxh6 gxh6 22. Qxe7 Qxe7 23. Rxe7 c6 24. d5 Rg8 25. Be4 Rg7 26. Re8+ Rg8 27.
Rxg8+ Kxg8 28. g4 Kg7 29. f4 Ra8 30. Rc3 Ra6 31. Kf2 Kf6 32. h4 cxd5 33. Bxd5
Nc6 34. Bxc6 bxc6 35. Ke3 Ke6 36. Kd4 Ra8 37. Re3+ Kf7 38. g5 Ra4 39. f5 1-0

[Event "EUR-ch U14 w"]
[Site "Batumi GEO"]
[Date "2014.10.21"]
[Round "3"]
[White "Henderson de la Fuente, Andrea"]
[Black "Grigoryan, Arpine"]
[Result "0-1"]
[WhiteElo "1670"]
[BlackElo "1793"]
[PlyCount "64"]
[EventDate "2014.10.19"]
[EventType "swiss"]
[EventRounds "9"]
[EventCountry "CAN"]
[Source "Chessbase"]
[SourceDate "2015.02.06"]

1. e4 c6 2. d4 d5 3. Nc3 dxe4 4. Nxe4 Bf5 5. Ng3 Bg6 6. Nf3 Nd7 7. Bc4 e6 8.
Qe2 Ngf6 9. h4 h6 10. Ne5 Nxe5 11. dxe5 Nd5 12. h5 Bh7 13. c3 Be7 14. Qg4 Rg8
15. O-O Qc7 16. Bf4 O-O-O 17. Rad1 g5 18. hxg6 Bxg6 19. Qf3 Nxf4 20. Qxf4 Bg5
21. Qf3 Rxd1 22. Rxd1 Qxe5 23. Nf1 Re8 24. Ba6 Qc7 25. Bc4 Rd8 26. Re1 Qf4 27.
Qxf4 Bxf4 28. Be2 Bd2 29. Ra1 Bg5 30. Re1 Bd3 31. Bxd3 Rxd3 32. a4 Kc7 0-1

[Event "EUR-ch U14 w"]
[Site "Batumi GEO"]
[Date "2014.10.21"]
[Round "3"]
[White "Imnadze, Lika"]
[Black "Shafigullina, Zarina"]
[Result "0-1"]
[WhiteElo "1446"]
[BlackElo "1774"]
[PlyCount "98"]
[EventDate "2014.10.19"]
[EventType "swiss"]
[EventRounds "9"]
[EventCountry "CAN"]
[Source "Chessbase"]
[SourceDate "2015.02.06"]

1. e4 c5 2. Nc3 Nc6 3. g3 Nf6 4. Bg2 d6 5. d3 g6 6. Nge2 Bg4 7. f3 Bd7 8. O-O
Bg7 9. f4 Qc8 10. Bd2 Bh3 11. Kh1 h5 12. Bxh3 Qxh3 13. Ng1 Qd7 14. Nf3 Nd4 15.
Kg2 Nxf3 16. Qxf3 h4 17. Rh1 O-O-O 18. Ne2 Rh7 19. c3 Rdh8 20. d4 Qc6 21. d5
Qd7 22. Rac1 b6 23. b3 Re8 24. c4 Kb8 25. Nc3 Reh8 26. Ne2 Rh5 27. Rce1 R5h7
28. Rc1 Re8 29. Nc3 Rh5 30. Rce1 Bh6 31. Bc1 Bg7 32. Bd2 Rh7 33. Rd1 Rg8 34.
Rde1 Bh6 35. Bc1 Bf8 36. Rd1 Bg7 37. Bd2 Bh8 38. Rde1 Rd8 39. Rd1 Bg7 40. Rde1
Rh5 41. Rd1 Qc8 42. Rde1 Rdh8 43. Rd1 hxg3 44. hxg3 Ng4 45. Ne2 Rh2+ 46. Rxh2
Rxh2+ 47. Kg1 Rf2 48. Qxf2 Nxf2 49. Kxf2 Qh3 0-1

[Event "EUR-ch U14 w"]
[Site "Batumi GEO"]
[Date "2014.10.21"]
[Round "3"]
[White "Ismayilova, Aysu"]
[Black "Nilssen, Ellen Fredericia"]
[Result "0-1"]
[WhiteElo "1453"]
[BlackElo "1709"]
[PlyCount "60"]
[EventDate "2014.10.19"]
[EventType "swiss"]
[EventRounds "9"]
[EventCountry "CAN"]
[Source "Chessbase"]
[SourceDate "2015.02.06"]

1. d4 e6 2. c4 d5 3. Nc3 Be7 4. Nf3 Nf6 5. Bf4 c6 6. e3 Nbd7 7. Bd3 Nf8 8. O-O
Ng6 9. Bg3 O-O 10. Ne5 Bd7 11. f4 dxc4 12. Bxc4 c5 13. d5 exd5 14. Nxd5 Nxd5
15. Bxd5 Nxe5 16. fxe5 Bc6 17. e4 Qb6 18. b3 Rad8 19. Qf3 Be8 20. a4 c4+ 21.
Kh1 Qxb3 22. Qxb3 cxb3 23. Bxb7 Rb8 24. Bd5 Rb4 25. Rfb1 Bxa4 26. Be1 b2 27.
Ra2 Rc8 28. Raxb2 Rxb2 29. Rxb2 Rc1 30. Re2 Bb5 0-1

[Event "EUR-ch U14 w"]
[Site "Batumi GEO"]
[Date "2014.10.21"]
[Round "3"]
[White "Ivanyan, Ani"]
[Black "Parol, Pola"]
[Result "0-1"]
[WhiteElo "1589"]
[BlackElo "1775"]
[PlyCount "54"]
[EventDate "2014.10.19"]
[EventType "swiss"]
[EventRounds "9"]
[EventCountry "CAN"]
[Source "Chessbase"]
[SourceDate "2015.02.06"]

1. d4 Nf6 2. Nf3 c5 3. e3 g6 4. c4 Bg7 5. Nc3 O-O 6. Be2 cxd4 7. exd4 d5 8. Bg5
Ne4 9. Bh4 Nxc3 10. bxc3 dxc4 11. Bxc4 Qc7 12. Qb3 Nc6 13. Bg3 e5 14. Bd5 Na5
15. Qb4 Rd8 16. Nxe5 Rxd5 17. Nxg6 Nc6 18. Qb3 Qd8 19. Nf4 Qe7+ 20. Kd2 Rd8 21.
Rae1 Qf6 22. Re3 Bh6 23. Re4 Bf5 24. Re3 Bg6 25. Nxg6 Bxe3+ 26. fxe3 Qxg6 27.
Qxb7 Rdb8 0-1

[Event "EUR-ch U14 w"]
[Site "Batumi GEO"]
[Date "2014.10.21"]
[Round "3"]
[White "Jacobsen, Elise Sjottem"]
[Black "Vavrinkova, Eliska"]
[Result "1/2-1/2"]
[WhiteElo "1685"]
[BlackElo "1495"]
[PlyCount "67"]
[EventDate "2014.10.19"]
[EventType "swiss"]
[EventRounds "9"]
[EventCountry "CAN"]
[Source "Chessbase"]
[SourceDate "2015.02.06"]

1. e4 d5 2. exd5 Qxd5 3. Nf3 Bg4 4. Be2 Nf6 5. O-O e6 6. c4 Qd6 7. d4 Be7 8.
Nc3 O-O 9. Qb3 Qb4 10. Ne5 Qxb3 11. axb3 Bxe2 12. Nxe2 Nfd7 13. Be3 Nxe5 14.
dxe5 Nd7 15. Rfd1 Nxe5 16. f4 Nc6 17. Rd7 Rfc8 18. Nd4 Bc5 19. Kf2 Bxd4 20.
Bxd4 Rd8 21. Rxd8+ Rxd8 22. Bc3 a6 23. b4 Ne7 24. Be5 c6 25. b5 axb5 26. cxb5
Ng6 27. Bc7 Rc8 28. b6 Ne7 29. Ra7 g6 30. Rxb7 Nd5 31. Rb8 Rxb8 32. Bxb8 Nxb6
33. Bc7 Nd7 34. Ke3 1/2-1/2

[Event "EUR-ch U14 w"]
[Site "Batumi GEO"]
[Date "2014.10.21"]
[Round "3"]
[White "Jibuti, Nata"]
[Black "Aksoy, Ayca"]
[Result "1/2-1/2"]
[WhiteElo "1634"]
[BlackElo "1778"]
[PlyCount "126"]
[EventDate "2014.10.19"]
[EventType "swiss"]
[EventRounds "9"]
[EventCountry "CAN"]
[Source "Chessbase"]
[SourceDate "2015.02.06"]

1. e4 c5 2. Nc3 a6 3. g3 b5 4. Bg2 Bb7 5. d3 e6 6. f4 d5 7. e5 Nh6 8. Nf3 Nf5
9. O-O h5 10. a4 b4 11. Ne2 Nc6 12. h3 Rc8 13. b3 Be7 14. Kh2 Qb6 15. Bd2 a5
16. Qe1 Ba6 17. Qf2 Qa7 18. Be3 Nb8 19. Rad1 Bd8 20. Qg1 Bb6 21. Bf2 Nc6 22.
Rfe1 Ncd4 23. Rd2 Bb7 24. Nh4 Nxh4 25. gxh4 Nf5 26. Bf3 Bd8 27. Bh1 g6 28. Rf1
Qb6 29. Bg3 Bxh4 30. Bxh4 Nxh4 31. Ng3 Qc7 32. Qf2 Qe7 33. Rg1 Rc7 34. Re2 Kd7
35. Rge1 Rg8 36. Rg1 Rh8 37. Rge1 Rg8 38. Rg1 Rgc8 39. Rge1 Ba8 40. Rg1 Rd8 41.
Rge1 Ke8 42. Rd2 Rc6 43. Ree2 Nf5 44. Nxf5 exf5 45. Bf3 Re6 46. d4 cxd4 47.
Rxd4 f6 48. exf6 Rxe2 49. Bxe2 Qxf6 50. Bf3 Kf7 51. Qd2 Qc6 52. Kg3 Rd6 53. Qd3
Bb7 54. Qd2 Qc5 55. Kh2 Ke7 56. Kg3 Kd7 57. Kh2 Bc6 58. Kg3 Kc7 59. Kh2 Qc3 60.
Qf2 Bb7 61. Rd3 Qc6 62. Qd2 Qc5 63. Rd4 Bc6 1/2-1/2

[Event "EUR-ch U14 w"]
[Site "Batumi GEO"]
[Date "2014.10.21"]
[Round "3"]
[White "Kalaiyalahan, Akshaya"]
[Black "Korchagina, Alena"]
[Result "1-0"]
[WhiteElo "2052"]
[BlackElo "1894"]
[PlyCount "95"]
[EventDate "2014.10.19"]
[EventType "swiss"]
[EventRounds "9"]
[EventCountry "CAN"]
[Source "Chessbase"]
[SourceDate "2015.02.06"]

1. Nf3 Nf6 2. g3 d5 3. Bg2 c6 4. O-O Bf5 5. d4 e6 6. b3 h6 7. Bb2 Nbd7 8. Nbd2
Bd6 9. c4 O-O 10. a3 a5 11. Re1 Ne4 12. Nxe4 Bxe4 13. Nd2 Bxg2 14. Kxg2 Nf6 15.
e4 Nxe4 16. Nxe4 dxe4 17. Rxe4 Be7 18. Qe2 Bf6 19. Rd1 Qb6 20. Qf3 Rfd8 21. Rf4
Rd7 22. Rxf6 gxf6 23. d5 cxd5 24. cxd5 f5 25. Qc3 e5 26. Qxe5 f6 27. Qxf5 Rg7
28. Qxf6 Qxf6 29. Bxf6 Rf7 30. Be5 Rc8 31. Rd2 Rd7 32. d6 Kf7 33. f4 Ke6 34.
Kf3 h5 35. h3 Rc1 36. Re2 Rb1 37. Re3 b5 38. g4 hxg4+ 39. hxg4 a4 40. f5+ Kf7
41. bxa4 bxa4 42. g5 Rb3 43. g6+ Kf8 44. f6 Rdb7 45. f7 Rxe3+ 46. Kxe3 Rb3+ 47.
Ke4 Rd3 48. Bg7+ 1-0

[Event "EUR-ch U14 w"]
[Site "Batumi GEO"]
[Date "2014.10.21"]
[Round "3"]
[White "Karimzada, Narmin Niyazi"]
[Black "Lomandong, Noela Joyce"]
[Result "1/2-1/2"]
[WhiteElo "1679"]
[BlackElo "1852"]
[PlyCount "71"]
[EventDate "2014.10.19"]
[EventType "swiss"]
[EventRounds "9"]
[EventCountry "CAN"]
[Source "Chessbase"]
[SourceDate "2015.02.06"]

1. e4 e5 2. Nf3 Nc6 3. Nc3 Nf6 4. d4 d6 5. Bb5 Bd7 6. Bxc6 Bxc6 7. Qd3 exd4 8.
Nxd4 d5 9. e5 Qe7 10. Qe2 Nd7 11. f4 g6 12. Bd2 Bg7 13. O-O-O Nc5 14. Rhe1 Ne6
15. Be3 Qd7 16. Qf3 Bf8 17. Rf1 Rg8 18. g4 Bg7 19. f5 Nxd4 20. Bxd4 O-O-O 21.
Qe2 a6 22. e6 Bh6+ 23. Kb1 Qe7 24. h4 g5 25. exf7 Qxf7 26. hxg5 Bxg5 27. Qg2
Rge8 28. Rfe1 h5 29. f6 Bd7 30. Rxe8 Rxe8 31. gxh5 Qxh5 32. Rg1 Bh4 33. Qh2 Bg4
34. Rh1 Bf3 35. Rf1 Kd7 36. f7 1/2-1/2

[Event "EUR-ch U14 w"]
[Site "Batumi GEO"]
[Date "2014.10.21"]
[Round "3"]
[White "Kochukova, Anna"]
[Black "Kazarian, Anna Maja"]
[Result "1-0"]
[WhiteElo "1904"]
[BlackElo "2108"]
[PlyCount "69"]
[EventDate "2014.10.19"]
[EventType "swiss"]
[EventRounds "9"]
[EventCountry "CAN"]
[Source "Chessbase"]
[SourceDate "2015.02.06"]

1. e4 e6 2. d4 d5 3. Nd2 c5 4. Ngf3 Nc6 5. exd5 exd5 6. Bb5 Bd6 7. dxc5 Bxc5 8.
O-O Nge7 9. Nb3 Bd6 10. Re1 O-O 11. Bd3 Qc7 12. c3 h6 13. h3 Ne5 14. Nxe5 Bxe5
15. Be3 Rd8 16. Nd4 f5 17. Nb5 Qc6 18. Bxh6 Qf6 19. Bg5 Qxg5 20. Rxe5 Nc6 21.
Rxd5 Be6 22. Rxd8+ Rxd8 23. Qe2 Bd5 24. f3 a6 25. Nc7 Bxf3 26. Bc4+ Kh8 27.
Qxf3 Ne5 28. Qf1 Rd2 29. Bd5 Qe3+ 30. Kh1 Nd3 31. Qxf5 Nf2+ 32. Kh2 g6 33. Qf8+
Kh7 34. Bg8+ Kh8 35. Bf7+ 1-0